| 000 | 00465nam a22001937a 4500 | ||
|---|---|---|---|
| 003 | MPLRDC | ||
| 005 | 20220104144026.0 | ||
| 008 | 210129b ||||| |||| 00| 0 eng d | ||
| 020 | _a978-986-120-386-7 | ||
| 082 | _a192.1 OSHO-15 | ||
| 100 | _aOSHO 奥修 | ||
| 245 |
_a改变 _cZAHIR 译 |
||
| 250 | _a初版 | ||
| 260 |
_a台湾 _b麦田出版 _c2010 |
||
| 300 | _b268 | ||
| 490 | _a奥修灵性智慧: 3 | ||
| 650 | _a修身 | ||
| 942 |
_cBK _o192.1 OSHO-15 |
||
| 999 |
_c45652 _d45642 |
||